[Event "8th ch-Euro"]
[Site "Dresden GER"]
[Date "2007.04.08"]
[Round "6"]
[White "Lobzhanidze,D"]
[Black "Nielsen,PH"]
[Result "0-1"]
[WhiteElo "2446"]
[BlackElo "2651"]

1.e4 c5 2.Nf3 Nc6 3.d4 cxd4 4.Nxd4 e6 5.Nc3 d6 6.Be2 Nf6 7.Be3 Be7 8.O-O O-O
9.f4 Bd7 10.Kh1 a6 11.Qe1 b5 12.a3 Qc7 13.Qg3 Rfd8 14.Bd3 Rab8 15.e5 Nh5
16.Qh3 g6 17.Nxc6 Bxc6 18.f5 exf5 19.Rxf5 Bd7 20.Nd5 Bxf5 21.Bxf5 Qb7 22.Be4 dxe5
23.Nf6+ Nxf6 24.Bxb7 Rxb7 25.Rf1 Nd5 26.g4 Rc7 27.c3 Bf8 28.Qf3 e4 29.Qe2 Nxe3
30.Qxe3 Re7 31.Rf2 Rd3 32.Qf4 e3 33.Re2 Re6 34.Kg2 Be7 35.a4 Bd6 36.Qf3 bxa4
37.g5 a3 38.bxa3 Rxc3 39.Qa8+ Bf8 40.a4 Rc5 41.h4 Kg7 42.Qb8 a5 43.Qb3 Rce5
44.Qc3 Kg8 45.Qc8 Re4 46.Qa8 R4e5 47.Qc8 Re8 48.Qc7 h6 49.gxh6 Bxh6 50.Qd7 Bg7
51.Qd3 R8e6 52.Qd8+ Kh7 53.Qd7 Rf6 54.Qd8 Rff5 55.Qd3 Bh6 56.Qb3 Rd5 57.Rxe3 Rd2+
58.Kg3 Bf4+ 59.Kf3 Bxe3+ 60.Kxe3 Rdf2  0-1

[Event "Easter Open"]
[Site "Oberhausen GER"]
[Date "2007.04.08"]
[Round "6"]
[White "Ritter,U"]
[Black "Sokalsky,A"]
[Result "0-1"]
[WhiteElo "2088"]
[BlackElo "2199"]

1.e4 c5 2.Nf3 e6 3.d4 cxd4 4.Nxd4 Nc6 5.Nc3 Qc7 6.Be3 a6 7.Bd3 Nf6 8.f4 d6
9.O-O Be7 10.Qf3 h5 11.Kh1 Ng4 12.Bg1 Bd7 13.Rae1 Rc8 14.Nf5 Kf8 15.Nxe7 Nxe7
16.f5 e5 17.f6 Nxf6 18.Be3 Bg4 19.Qf2 Be6 20.Bg5 Ng4 21.Qd2 Kg8 22.h3 f6
23.Bh4 Ng6 24.Bg3 h4 25.Bh2 Nxh2 26.Kxh2 Qa5 27.Qf2 Qc5 28.Qf3 Nf4 29.Ne2 g5
30.Nxf4 gxf4 31.c4 Rc7 32.b3 Rg7 33.Qf2 Rg3 34.Qxc5 dxc5 35.Be2 Kf7 36.Rd1 Ke7
37.Rd2 Rd8 38.Rxd8 Kxd8 39.Rd1+ Kc7 40.Bf3 Bxh3  0-1

[Event "ch-Catalonia"]
[Site "Barcelona ESP"]
[Date "2007.04.09"]
[Round "9"]
[White "Lopez Gallego,M"]
[Black "Mendez Rocha,A"]
[Result "1-0"]
[WhiteElo "1945"]
[BlackElo "1783"]

1.e4 e6 2.d4 c5 3.Nf3 cxd4 4.Nxd4 Nc6 5.Nc3 a6 6.Be3 Nxd4 7.Qxd4 Qa5 8.Be2 e5
9.Qd3 Nf6 10.O-O d6 11.Nd5 Nxd5 12.exd5 g6 13.f4 Bf5 14.Qb3 Qc7 15.c4 Bg7
16.Bb6 Qd7 17.Rae1 O-O 18.Bd3 Bxd3 19.Qxd3 exf4 20.b4 Rfe8 21.c5 dxc5 22.bxc5 Rxe1
23.Rxe1 Re8 24.Re4 f5 25.Rxf4 Be5 26.Rf1 Bc7 27.Rc1 Bxb6 28.cxb6 Qd6 29.Qb3 Kg7
30.h3 Re7 31.Qb2+ Kh6 32.Qd2+ f4 33.Qd4 g5 34.a4 Kh5 35.Qc5 Qf6 36.Rd1 f3
37.g4+ Kg6 38.d6 Rd7 39.a5 Kh6 40.Qd4 Qf7 41.Rd3 Qg7 42.Qxg7+ Kxg7 43.Kf2 Kf7
44.Kxf3 Ke6 45.Ke4 Rxd6 46.Rxd6+ Kxd6 47.Kf5 Kc5 48.Kxg5 Kb5 49.Kh6 Kxa5
50.Kxh7 Kxb6 51.g5  1-0

[Event "8th ch-Euro w"]
[Site "Dresden GER"]
[Date "2007.04.09"]
[Round "7"]
[White "Houska,Jo"]
[Black "Arakhamia,K"]
[Result "1-0"]
[WhiteElo "2381"]
[BlackElo "2435"]

1.e4 c5 2.Nf3 e6 3.d4 cxd4 4.Nxd4 Nc6 5.Nc3 d6 6.f4 Nf6 7.Nf3 a6 8.Bd3 b5
9.O-O Bb7 10.a3 b4 11.axb4 Nxb4 12.f5 e5 13.Bg5 Be7 14.Bxf6 Bxf6 15.Bc4 Rc8
16.Bd5 O-O 17.Bxb7 Qb6+ 18.Rf2 Qxb7 19.Rd2 Be7 20.Ra3 Rc4 21.Qe2 Rfc8 22.h3 h6
23.Kh2 Qc7 24.Kh1 a5 25.f6 Bxf6 26.Nb5 Qb6 27.Nxd6 Rxc2 28.Nxc8 Rxc8 29.Rc3 Rb8
30.Qc4 Qb7 31.Qc7 Qb5 32.Kh2 Na6 33.Qc6 Be7 34.Qxb5 Rxb5 35.Rc8+ Kh7 36.Ra8 Nb4
37.Ra7 Bf6 38.Rxf7 Kg6 39.Rc7 Na6 40.Rc6 Nb4 41.Rcd6 Kh7 42.Re6 Rc5 43.Rd7 Kg8
44.h4 h5 45.Ng5 Rc8 46.Kh3 Rf8 47.Rb6 Nc2 48.Ne6 Rc8 49.Nxg7 Bxg7 50.Rg6  1-0

[Event "8th ch-Euro"]
[Site "Dresden GER"]
[Date "2007.04.09"]
[Round "7"]
[White "Efimenko,Z"]
[Black "Jakovenko,D"]
[Result "1/2-1/2"]
[WhiteElo "2620"]
[BlackElo "2708"]

1.e4 c5 2.Nf3 e6 3.d4 cxd4 4.Nxd4 Nc6 5.Nc3 d6 6.Be2 Nf6 7.O-O Be7 8.Kh1 O-O
9.f4 Nxd4 10.Qxd4 b6 11.Be3 Bb7 12.Rad1 Qc7 13.Bf3 Rac8 14.Nb5 Qb8 15.c4 Rfd8
16.Qd3 a6 17.Nc3 Nd7 18.b3 Bf6 19.Na4 Nc5 20.Nxc5 dxc5 21.Qe2 e5 22.f5 h6
23.Rxd8+ Rxd8 24.Rd1 Bg5 25.Bf2 Rxd1+  1/2-1/2

[Event "8th ch-Euro"]
[Site "Dresden GER"]
[Date "2007.04.09"]
[Round "7"]
[White "Parligras,M"]
[Black "Vehi Bach,V"]
[Result "1-0"]
[WhiteElo "2522"]
[BlackElo "2377"]

1.e4 c5 2.Nf3 e6 3.d4 cxd4 4.Nxd4 Nc6 5.Nc3 Qc7 6.Be3 a6 7.Qd2 Nf6 8.O-O-O Be7
9.f3 O-O 10.g4 b5 11.g5 Ne8 12.h4 Bb7 13.h5 Nxd4 14.Qxd4 Bc6 15.Kb1 f5 16.Rg1 Rc8
17.a3 f4 18.Bf2 Rb8 19.Nd5 exd5 20.exd5 Bb7 21.Bd3 Qd6 22.Qe4 g6 23.hxg6 Bxd5
24.gxh7+ Kh8 25.Qd4+ Ng7 26.Qxg7+ Kxg7 27.Bd4+ Kf7 28.g6+ Ke8 29.g7 Bf6 30.Bg6+ Kd8
31.Bxf6+ Qxf6 32.gxf8=Q+ Qxf8 33.Rxd5 Kc7 34.Bf5 d6 35.Rg8  1-0

[Event "1st Archil Ebralidze Mem"]
[Site "Tbilisi GEO"]
[Date "2007.04.09"]
[Round "8"]
[White "Harutjunyan,G"]
[Black "Aroshidze,L"]
[Result "0-1"]
[WhiteElo "2404"]
[BlackElo "2500"]

1.e4 c5 2.Nf3 e6 3.d4 cxd4 4.Nxd4 Nc6 5.Nc3 Qc7 6.Be3 a6 7.Bd3 Nf6 8.O-O Ne5
9.h3 Bc5 10.Kh1 d6 11.f4 Ng6 12.Qe1 O-O 13.f5 Ne5 14.Qh4 Bd7 15.Rf3 Nxf3
16.gxf3 Qd8 17.e5 dxe5 18.Rg1 exf5 19.Rxg7+ Kxg7 20.Bh6+ Kh8 21.Bg5 Be7 22.Nxf5 Rg8
23.Nxe7 Rxg5 24.Ncd5 Rg7 25.Nxf6 Qxe7 26.Bxh7 Qxf6 27.Qxf6 Kxh7 28.Qxe5 Re8
29.Qd4 Bxh3  0-1

[Event "8th ch-Euro w"]
[Site "Dresden GER"]
[Date "2007.04.11"]
[Round "8"]
[White "Melia,S"]
[Black "Bojkovic,N"]
[Result "1/2-1/2"]
[WhiteElo "2396"]
[BlackElo "2408"]

1.e4 c5 2.Nf3 e6 3.d4 cxd4 4.Nxd4 Nc6 5.Nc3 d6 6.Be2 Nf6 7.O-O Be7 8.Be3 O-O
9.Kh1 e5 10.Nb3 Be6 11.f4 exf4 12.Bxf4 d5 13.exd5 Nxd5 14.Nxd5 Qxd5 15.Bf3 Qc4
16.Be2 Qd5 17.Bf3 Qc4 18.Be2 Qd5  1/2-1/2

[Event "8th ch-Euro"]
[Site "Dresden GER"]
[Date "2007.04.11"]
[Round "8"]
[White "Strohhaeker,Rao"]
[Black "Geller,J"]
[Result "0-1"]
[WhiteElo "2391"]
[BlackElo "2500"]

1.e4 c5 2.Nf3 e6 3.d4 cxd4 4.Nxd4 Nc6 5.Nc3 Qc7 6.Be3 a6 7.Be2 Nf6 8.O-O Be7
9.f4 d6 10.Qe1 O-O 11.Rd1 Nxd4 12.Bxd4 b5 13.e5 dxe5 14.fxe5 Nd7 15.Ne4 Bb7
16.Bd3 Bxe4 17.Bxe4 Rad8 18.c3 g6 19.Bb1 Nb8 20.Qe3 Rd7 21.Qh6 Bc5 22.Rd3 Qxe5
23.Kh1 Bxd4 24.cxd4 Rxd4 25.Rh3 Qg7 26.Qe3 Nc6 27.Bc2 Nb4 28.Bb3 Rd3  0-1

[Event "8th ch-Euro"]
[Site "Dresden GER"]
[Date "2007.04.11"]
[Round "8"]
[White "Fruebing,S"]
[Black "Alsina Leal,D"]
[Result "1-0"]
[WhiteElo "2343"]
[BlackElo "2428"]

1.e4 c5 2.Nf3 e6 3.d4 cxd4 4.Nxd4 Nc6 5.Nc3 Qc7 6.Be2 a6 7.O-O Nf6 8.Be3 Bb4
9.Na4 O-O 10.Nxc6 bxc6 11.f4 d5 12.e5 Nd7 13.c4 Qb8 14.Rc1 Bb7 15.Bd3 Rc8
16.c5 Ba5 17.Qh5 g6 18.Qh6 Nf8 19.Rf3 Re8 20.Rh3 Ra7 21.Nb6 Bc8 22.Bd4 Rb7
23.Kh1 Rxb6 24.cxb6 Bxb6 25.Bxg6 fxg6 26.Rb3 Nd7 27.Bxb6 Nxb6 28.Rxc6 Bd7
29.Rbxb6 Bxc6 30.Rxb8 Rxb8 31.Qh3 Rxb2 32.Qxe6+ Kg7 33.h4 Rc2 34.Qf6+ Kh6
35.g4 d4+ 36.Kg1  1-0

[Event "8th ch-Euro"]
[Site "Dresden GER"]
[Date "2007.04.11"]
[Round "8"]
[White "Brendel,O"]
[Black "Landenbergue,C"]
[Result "1/2-1/2"]
[WhiteElo "2370"]
[BlackElo "2435"]

1.e4 c5 2.Nc3 Nc6 3.Nf3 e6 4.d4 cxd4 5.Nxd4 Qc7 6.Be3 f6 7.Bd3 a6 8.O-O Nxd4
9.Bxd4 Bc5 10.Bxc5 Qxc5 11.Kh1 d6 12.Qd2 e5 13.a4 Be6 14.a5 Rd8 15.Na4 Qc6
16.Qe3 Bc4 17.Bxc4 Qxc4 18.f3 Qb5 19.Qb6 Qxb6 20.Nxb6 d5  1/2-1/2

[Event "Reykjavik International"]
[Site "Reykjavik ISL"]
[Date "2007.04.11"]
[Round "1"]
[White "Kjartansson,G"]
[Black "Kristjansson,St"]
[Result "0-1"]
[WhiteElo "2279"]
[BlackElo "2485"]

1.e4 c5 2.Nf3 e6 3.d4 cxd4 4.Nxd4 Nc6 5.Nc3 Qc7 6.Be3 a6 7.Bd3 Nf6 8.O-O h5
9.h3 b5 10.Nxc6 Qxc6 11.f3 Bc5 12.Qd2 d6 13.Ne2 Qb6 14.Kf2 d5 15.b4 Bxe3+
16.Qxe3 Qc7 17.e5 Nd7 18.f4 g5 19.Kg1 gxf4 20.Qxf4 Rf8 21.a4 bxa4 22.Rxa4 Qxe5
23.Rfa1 Qxf4 24.Nxf4 h4 25.Bxa6 Rxa6 26.Rxa6 Bxa6 27.Rxa6 Ke7 28.c3 Rc8 29.Ne2 e5
30.Rh6 Rc4 31.Kf2 Nf6 32.Ke3 Ne8 33.Ra6 Nd6 34.Kd3 Rc8 35.g4 hxg3 36.Nxg3 Rh8
37.h4 f5 38.Ra7+ Ke6 39.Ra6 f4 40.Nf5 Kxf5 41.Rxd6 e4+ 42.Kd4 Re8 43.Rxd5+ Kg4
44.Rg5+ Kxh4 45.Rg1 e3 46.Kd3 f3  0-1

[Event "Open"]
[Site "Sydney AUS"]
[Date "2007.04.11"]
[Round "3"]
[White "Lovejoy,D"]
[Black "Tredinnick,M"]
[Result "0-1"]
[WhiteElo "2003"]
[BlackElo "2216"]

1.e4 c5 2.Nf3 e6 3.d4 cxd4 4.Nxd4 Nc6 5.Nc3 Qc7 6.g3 a6 7.Bg2 Nf6 8.O-O Nxd4
9.Qxd4 Bc5 10.Qd3 d6 11.Bf4 Ke7 12.Rad1 Rd8 13.a4 h6 14.Qe2 e5 15.Be3 Bg4
16.f3 Be6 17.Rf2 Kf8 18.Nd5 Bxd5 19.exd5 Bxe3 20.Qxe3 b5 21.axb5 axb5 22.Bh3 Ra2
23.c3 Rb8 24.Bf5 Qc4 25.Bb1 Ra1 26.Rfd2 Qb3 27.Qe1 b4 28.Bc2 Rxd1 29.Bxd1 Qc4
30.Be2 Qc5+ 31.Qf2 Qxf2+ 32.Kxf2 bxc3 33.bxc3 Rb3 34.Ra2 Rb7 35.c4 Nd7 36.g4 Rc7
37.Ra8+ Ke7 38.Rg8 Nf6 39.Ra8 g6 40.Bd3 e4 41.Be2 exf3 42.Kxf3 h5 43.h3 hxg4+
44.hxg4 Nd7 45.Ra4 Kf6 46.Rb4 Kg5 47.Kg3 Ra7 48.Rb2 Ra3+ 49.Kg2 Ne5 50.Rb6 Ra2
51.Kf1 Kf4 52.c5 dxc5 53.Ke1 Ke3 54.Rb3+ Kd4 55.d6 c4 56.Bxc4 Kxc4 57.Re3 Kd4  0-1

[Event "Open"]
[Site "Sydney AUS"]
[Date "2007.04.11"]
[Round "3"]
[White "Karenlampi,P"]
[Black "Bjelobrk,I"]
[Result "0-1"]
[WhiteElo "2021"]
[BlackElo "2386"]

1.e4 c5 2.Nf3 e6 3.Nc3 Nc6 4.d4 cxd4 5.Nxd4 Qc7 6.g3 a6 7.Bg2 Bc5 8.Be3 Ne5
9.O-O Nf6 10.h3 b5 11.a3 Bb7 12.Kh2 h5 13.Bf4 Rc8 14.Nb3 Be7 15.Qd4 d6 16.Rad1 Nc4
17.Bc1 Nxa3 18.bxa3 Qxc3 19.Qa7 Bxe4 20.Bxe4 Nxe4 21.Qxa6 Qc6 22.Qxc6+ Rxc6
23.Nd4 Rc4 24.Nxb5 Rxc2 25.Be3 O-O 26.Kg2 d5 27.Rc1 Rfc8 28.Rxc2 Rxc2 29.Ra1 e5
30.Rc1 Rb2 31.Nc3 Nxc3 32.Rxc3 f5 33.Rc8+ Kh7 34.Re8 Bf6 35.Bc5 Rc2 36.Be7 d4
37.Bxf6 gxf6 38.Kf1 Ra2 39.Ra8 d3 40.Ke1 h4 41.gxh4 e4 42.h5 f4 43.Ra7+ Kh6
44.Rf7 e3 45.Rxf6+ Kg5  0-1

[Event "8th ch-Euro"]
[Site "Dresden GER"]
[Date "2007.04.12"]
[Round "9"]
[White "Stanojoski,Z"]
[Black "Vehi Bach,V"]
[Result "1/2-1/2"]
[WhiteElo "2504"]
[BlackElo "2377"]

1.e4 c5 2.Nf3 e6 3.d4 cxd4 4.Nxd4 Nc6 5.Nc3 Qc7 6.g3 a6 7.Bg2 d6 8.O-O Bd7
9.a4 Nf6 10.Nb3 Be7 11.a5 Ne5 12.h3 Rc8 13.f4 Nc4 14.g4 h6 15.Qe2 Nh7 16.Qf2 O-O
17.h4 g5 18.fxg5 hxg5 19.h5 Bf6 20.Bf3 Nxb2 21.Bxb2 Bxc3 22.Bxc3 Qxc3 23.Rad1 Bb5
24.Rfe1 Qe5 25.Rd4 Rc3 26.Red1 Rfc8 27.Rxd6 Rxc2 28.Rd8+ Kg7 29.Rxc8 Rxc8
30.Qd4 Qxd4+ 31.Nxd4 Rc5 32.Rb1 Nf6 33.Nxb5 axb5 34.e5 Nd5 35.Rf1 b4 36.Be4 Nf4
37.Ra1 Rb5 38.Kf2 b3 39.Rh1 Kh6 40.Rb1 b2 41.Kf3 Rb3+ 42.Kf2 Rb5 43.Kf3 Rb3+
44.Kf2 Rb5  1/2-1/2

[Event "8th ch-Euro w"]
[Site "Dresden GER"]
[Date "2007.04.12"]
[Round "9"]
[White "Korbut,E"]
[Black "Javakhishvili,L"]
[Result "1-0"]
[WhiteElo "2429"]
[BlackElo "2425"]

1.e4 c5 2.Nf3 e6 3.d4 cxd4 4.Nxd4 Nc6 5.Nc3 Qc7 6.Be3 a6 7.Qd2 Nf6 8.O-O-O Be7
9.f3 b5 10.g4 O-O 11.g5 Ne8 12.Nxc6 Qxc6 13.h4 Nd6 14.Bd3 b4 15.Ne2 Nc4 16.Nd4 Qc7
17.Bxc4 Qxc4 18.Kb1 a5 19.h5 a4 20.g6 Ra5 21.Qh2 Re8 22.e5 a3 23.Rdg1 axb2
24.gxf7+ Kxf7 25.Qf4+ Kg8 26.Rxg7+ Kxg7 27.Nf5+ exf5 28.Rg1+ Kh8 29.Qxc4 Rf8
30.Bh6  1-0

[Event "8th ch-Euro"]
[Site "Dresden GER"]
[Date "2007.04.13"]
[Round "10"]
[White "Bromberger,S"]
[Black "Vehi Bach,V"]
[Result "1/2-1/2"]
[WhiteElo "2495"]
[BlackElo "2377"]

1.e4 c5 2.Nf3 e6 3.d4 cxd4 4.Nxd4 Nc6 5.Nc3 Qc7 6.Be3 a6 7.Bd3 Nf6 8.O-O Ne5
9.h3 Bc5 10.Kh1 d6 11.f4 Ng6 12.Qe1 O-O 13.f5 Ne5 14.Qh4 b5 15.Rf3 exf5 16.exf5 Nxf3
17.gxf3 Bb7 18.Rg1 Bxf3+ 19.Kh2 Qe7 20.Qg3 Qe5 21.Bf4 Ng4+ 22.hxg4 Qxd4 23.Re1 Bc6
24.Be3 Qb4 25.Bd2 Bd4 26.f6 Bxf6 27.Ne4 Qxb2 28.Bc1 Qe5 29.Bf4 Qb2 30.Bc1  1/2-1/2

[Event "8th ch-Euro w"]
[Site "Dresden GER"]
[Date "2007.04.13"]
[Round "10"]
[White "Dembo,Y"]
[Black "Stepovaia,T"]
[Result "1-0"]
[WhiteElo "2470"]
[BlackElo "2375"]

1.e4 c5 2.Nf3 e6 3.d4 cxd4 4.Nxd4 Nc6 5.Nc3 Nf6 6.Nxc6 bxc6 7.e5 Nd5 8.Ne4 f5
9.exf6 Nxf6 10.Nd6+ Bxd6 11.Qxd6 Ba6 12.c4 Qb6 13.Qa3 c5 14.Be3 d6 15.Qa4+ Kf7
16.Bd3 Bb7 17.O-O Qc6 18.Qxc6 Bxc6 19.Rfd1 Rab8 20.b3 h6 21.Bc2 Rhd8 22.f3 Rbc8
23.Rac1 Bb7 24.Bb1 a5 25.Kf2 Ng8 26.Bd2 Ra8 27.Bf4 e5 28.Bd2 Ke6 29.Bc3 Ne7
30.Rd2 Rd7 31.Re1 Nc6 32.Kg3 Rf8 33.Be4 Nb4 34.Bg6 Nc6 35.Bh5 Rdd8 36.h4 Rf4
37.Rd3 Ra8 38.Bg4+ Ke7 39.Bd2 Rd4 40.Rxd4 Nxd4 41.f4 Nc2 42.Rc1 Nd4 43.fxe5 dxe5
44.Re1 e4 45.Bf3 Nxf3 46.gxf3 Rd8 47.Be3 Rd3 48.fxe4 Kd6 49.Kf4 a4 50.Rg1 g5+
51.hxg5 hxg5+ 52.Rxg5 axb3 53.axb3 Rxb3 54.Bxc5+ Kc6 55.Be3 Rb4 56.c5 Kd7
57.Re5 Rb1 58.Kf5 Rf1+ 59.Bf4 Bc6 60.Kg4 Re1 61.Kf3 Rf1+ 62.Ke3 Re1+ 63.Kd3 Bb5+
64.Kd4 Rd1+ 65.Ke3 Re1+ 66.Kd2 Re2+ 67.Kc3 Re1 68.Bg5 Rg1 69.Be7 Bc6 70.Bd6 Rg7
71.Kd4 Rh7 72.Rg5 Rh4 73.Rg7+ Ke8 74.Re7+ Kd8 75.Ke3 Rh8 76.Rc7 Bd7 77.c6 Be8
78.e5 Rh1 79.Kd4 Rc1 80.e6 Rd1+ 81.Kc5 Rc1+ 82.Kb4 Rb1+ 83.Ka3  1-0

[Event "8th ch-Euro"]
[Site "Dresden GER"]
[Date "2007.04.13"]
[Round "10"]
[White "Berescu,A"]
[Black "Meinhardt,Ma"]
[Result "1-0"]
[WhiteElo "2514"]
[BlackElo "2376"]

1.e4 c5 2.Nc3 e6 3.Nf3 Nc6 4.d4 cxd4 5.Nxd4 Nf6 6.Nxc6 bxc6 7.e5 Nd5 8.Ne4 f5
9.exf6 Nxf6 10.Nd6+ Bxd6 11.Qxd6 Qb6 12.Bd3 c5 13.Bf4 Bb7 14.O-O Rc8 15.c4 Rc6
16.Qe5 Bc8 17.Rae1 O-O 18.Qg5 d6 19.Bc1 Qb7 20.f4 Qf7 21.Rf3 Rc7 22.b3 h6
23.Qg3 d5 24.Bg6 Qd7 25.f5 exf5 26.Bxf5 Qc6 27.cxd5 Qxd5 28.Qxc7 Bxf5 29.Re5  1-0

[Event "8th ch-Euro"]
[Site "Dresden GER"]
[Date "2007.04.13"]
[Round "10"]
[White "Fruebing,S"]
[Black "Landenbergue,C"]
[Result "0-1"]
[WhiteElo "2343"]
[BlackElo "2435"]

1.e4 c5 2.Nc3 Nc6 3.Nf3 e6 4.d4 cxd4 5.Nxd4 Qc7 6.Be2 a6 7.O-O Nf6 8.Be3 Be7
9.f4 d6 10.Kh1 Bd7 11.a4 Nxd4 12.Qxd4 Bc6 13.Rad1 O-O 14.Qd3 Rad8 15.Bf3 d5
16.e5 Ne4 17.Bd4 Qa5 18.b3 Nxc3 19.Qxc3 Qxc3 20.Bxc3 b5 21.a5 b4 22.Bd4 Bb5
23.Rf2 Rc8 24.g4 Rc6 25.f5 Rfc8 26.f6 gxf6 27.exf6 Bd8 28.Rdd2 Bxa5 29.g5 Bc7
30.Bg4 a5 31.h4 Bg3 32.Rf3 Bxh4 33.g6 hxg6 34.Rh3 g5 35.Rxh4 gxh4 36.Rg2 Rxc2
37.Be2+ Kh8 38.Bxb5 Rxg2 39.Kxg2 Rg8+ 40.Kh2 Rg3 41.Ba4 Rd3 42.Bb6 e5 43.Bxa5 e4
44.Bxb4 e3 45.Be1 Rd1 46.Bxh4 e2  0-1

[Event "8th ch-Euro"]
[Site "Dresden GER"]
[Date "2007.04.13"]
[Round "10"]
[White "Lubbe,N"]
[Black "Moor,R"]
[Result "1/2-1/2"]
[WhiteElo "2254"]
[BlackElo "2385"]

1.e4 c5 2.Nf3 Nc6 3.d4 cxd4 4.Nxd4 e6 5.Nc3 Qc7 6.g3 a6 7.Bg2 Nf6 8.Nb3 Be7
9.O-O O-O 10.f4 b5 11.a3 Bb7 12.g4 d5 13.e5 Nd7 14.g5 Nc5 15.Kh1 Rfd8 16.Nxc5 Bxc5
17.Ne2 Ne7 18.Ng3 Rac8 19.Bd2 Qb6 20.Qe1 Ng6 21.Ba5 Qc6 22.Bxd8 Rxd8 23.Rd1 Nh4
24.Qe2 Nxg2 25.Kxg2 Rc8 26.h4 Bb6 27.Kh3 Qxc2 28.Rc1 Qxc1 29.Rxc1 Rxc1 30.Qd2 Rc7
31.Qd3 g6 32.Ne4 dxe4 33.Qd8+ Kg7 34.Qf6+ Kf8 35.Qd8+  1/2-1/2

[Event "8th ch-Euro w"]
[Site "Dresden GER"]
[Date "2007.04.13"]
[Round "10"]
[White "Tsiganova,M"]
[Black "Voicu,C"]
[Result "1-0"]
[WhiteElo "2185"]
[BlackElo "2354"]

1.e4 c5 2.Nf3 e6 3.d4 cxd4 4.Nxd4 Nc6 5.Nc3 Qc7 6.Be3 a6 7.Nb3 Nf6 8.Bd3 b5
9.f4 b4 10.Na4 Rb8 11.Qe2 Be7 12.g4 h6 13.O-O-O d5 14.g5 hxg5 15.fxg5 Nxe4
16.Bxe4 dxe4 17.h4 Ne5 18.Bd4 Bb7 19.Kb1 O-O 20.Nac5 Ng6 21.Nxb7 Rxb7 22.h5 Nf4
23.Qxe4 f5 24.gxf6 Bxf6 25.h6 e5 26.hxg7 Bxg7 27.Rdg1 Rf5 28.Qxf5 exd4 29.Rxg7+  1-0

[Event "8th ch-Euro"]
[Site "Dresden GER"]
[Date "2007.04.13"]
[Round "10"]
[White "Ragger,M"]
[Black "Grigoriants,S RUS"]
[Result "1-0"]
[WhiteElo "2498"]
[BlackElo "2594"]

1.e4 c5 2.Nf3 e6 3.d4 cxd4 4.Nxd4 Nc6 5.Nc3 a6 6.Be3 Nf6 7.Qd2 d6 8.f3 Be7
9.O-O-O O-O 10.g4 Nd7 11.h4 Nde5 12.Qg2 Na5 13.Kb1 b5 14.f4 Nec4 15.Bc1 Qc7
16.g5 Rb8 17.h5 Na3+ 18.bxa3 Qxc3 19.Nb3 Qc7 20.Bd3 Nc4 21.f5 exf5 22.exf5 Bb7
23.Qh3 Bxh1 24.f6 Ba8 25.fxg7 Kxg7 26.h6+  1-0

[Event "8th ch-Euro"]
[Site "Dresden GER"]
[Date "2007.04.13"]
[Round "10"]
[White "Windelband,J"]
[Black "Graf,F"]
[Result "0-1"]
[WhiteElo "2181"]
[BlackElo "2262"]

1.e4 c5 2.Nf3 e6 3.d4 cxd4 4.Nxd4 Nc6 5.Nc3 Qc7 6.Be3 a6 7.Bd3 b5 8.Nxc6 Qxc6
9.O-O Bb7 10.Kh1 Nf6 11.f3 Bd6 12.Qe1 Be5 13.Nd1 d5 14.exd5 Nxd5 15.Bg1 Bf6
16.c4 bxc4 17.Rc1 c3 18.Nxc3 Nxc3 19.bxc3 O-O 20.Rf2 Bh4 21.Be4 Bxf2 22.Bxc6 Bxe1
23.Bxb7 Rab8 24.Bxa6 Bd2 25.Rc2 Bg5 26.g3 Rb1 27.Kg2 Ra8 28.Bc4 Rc1 29.Rxc1 Bxc1
30.Bb3 Bb2 31.c4 Ba3 32.Kf1 Kf8 33.Bd4 f6 34.Ke2 Ke7 35.f4 h5 36.Kf3 Rd8
37.Ke4 f5+ 38.Ke3 Bc1+ 39.Kd3 Bb2  0-1

[Event "8th ch-Euro"]
[Site "Dresden GER"]
[Date "2007.04.13"]
[Round "10"]
[White "Mastrovasilis,D"]
[Black "Timofeev,Arty"]
[Result "0-1"]
[WhiteElo "2546"]
[BlackElo "2658"]

1.e4 c5 2.Nf3 e6 3.d4 cxd4 4.Nxd4 Nc6 5.Nc3 d6 6.Be3 Nf6 7.f4 a6 8.Qf3 Qc7
9.O-O-O Nd7 10.f5 Nde5 11.Qg3 Nxd4 12.Bxd4 b5 13.fxe6 Bxe6 14.Bxe5 dxe5 15.Nd5 Qc5
16.Qxe5 O-O-O 17.Rd3 Kb7 18.Be2 Rc8 19.Rc3 Bd6 20.Qxg7 Qf2 21.Bf3 b4 22.e5 Bf8
23.Qxh8 bxc3 24.Nxc3+ Qxf3 25.Qxh7 Qe3+ 26.Kb1 Rxc3 27.bxc3 Ba3  0-1

[Event "8th ch-Euro"]
[Site "Dresden GER"]
[Date "2007.04.13"]
[Round "10"]
[White "David,Alb"]
[Black "Movsesian,S"]
[Result "0-1"]
[WhiteElo "2525"]
[BlackElo "2642"]

1.e4 c5 2.Nf3 Nc6 3.d4 cxd4 4.Nxd4 e6 5.Nc3 a6 6.Be2 d6 7.Qd3 Be7 8.Nxc6 bxc6
9.Qg3 Nf6 10.O-O O-O 11.b3 Bb7 12.Bb2 d5 13.Rad1 Qb8 14.e5 Nd7 15.Ne4 a5
16.f4 Kh8 17.f5 exf5 18.Nd6 Bxd6 19.exd6 f6 20.Rxf5 Re8 21.Bd3 Ba6 22.Bxa6 Qb6+
23.Bd4 Qxa6 24.c4 c5 25.Be3 d4 26.Bf4 Qc6 27.Rd5 Re6 28.Re1 Ree8 29.Re6 Rxe6
30.Qg5 Re1+ 31.Kf2 Rae8 32.Qh5 Qc8 33.h3 R1e4 34.Kf3 g6 35.Qh6  0-1

[Event "8th ch-Euro"]
[Site "Dresden GER"]
[Date "2007.04.14"]
[Round "11"]
[White "Geller,J"]
[Black "Golod,V"]
[Result "1-0"]
[WhiteElo "2500"]
[BlackElo "2597"]

1.e4 c5 2.Nf3 Nc6 3.Nc3 e6 4.d4 cxd4 5.Nxd4 a6 6.Be3 Nf6 7.Be2 Qc7 8.O-O Be7
9.f4 O-O 10.Kh1 Rd8 11.Qe1 d5 12.e5 Nd7 13.Rf3 Bc5 14.Rd1 Nxd4 15.Bxd4 b5
16.a3 Bb7 17.Rh3 Bxd4 18.Rxd4 Qc5 19.Qf2 f5 20.Bd3 Rf8 21.g4 g6 22.gxf5 gxf5
23.Bxb5 axb5 24.Qg2+ Kf7 25.Rxh7+ Ke8 26.Qg7 Nf6 27.exf6 Bc6 28.Qc7 Rxf6
29.b4 Qxd4 30.Qe7+  1-0

[Event "8th ch-Euro"]
[Site "Dresden GER"]
[Date "2007.04.14"]
[Round "11"]
[White "Lopez Martinez,J"]
[Black "Jaracz,P"]
[Result "1-0"]
[WhiteElo "2563"]
[BlackElo "2490"]

1.e4 c5 2.Nf3 e6 3.d4 cxd4 4.Nxd4 Nc6 5.Nc3 d6 6.Be3 Nf6 7.f3 Be7 8.Qd2 O-O
9.g4 d5 10.g5 Nxd4 11.Qxd4 Nh5 12.O-O-O Bxg5 13.Kb1 Kh8 14.exd5 exd5 15.Nxd5 Bxe3
16.Qxe3 Nf6 17.Bc4 Nxd5 18.Rxd5 Qf6 19.Bd3 Be6 20.Re5 Rad8 21.Re1 b6 22.b3 g6
23.f4 Rd6 24.h4 Bg4 25.Qg3 Bh5 26.f5 Rd4 27.Re7 a5 28.fxg6 hxg6 29.Qc7 Rf4
30.a4 Kg7 31.Ka2 Qxh4 32.Qxb6 Qg5 33.R1e5 Qf6 34.Qxa5 Bg4 35.Qa7 Bf5 36.Bxf5 Rxf5
37.Rxf5 Qxf5 38.Rc7 Rd8 39.Qe3 Qf6 40.a5 Rd5 41.Rc5 Rxc5 42.Qxc5 g5 43.Qc8 Kg6
44.a6 Qb6 45.Qb7  1-0

[Event "8th ch-Euro"]
[Site "Dresden GER"]
[Date "2007.04.14"]
[Round "11"]
[White "Hunt,A"]
[Black "Beck,F"]
[Result "1-0"]
[WhiteElo "2461"]
[BlackElo "2334"]

1.e4 c5 2.Nf3 e6 3.d4 cxd4 4.Nxd4 Nc6 5.Nc3 Qc7 6.Be2 a6 7.O-O Nf6 8.Be3 Bb4
9.Na4 Bd6 10.Nxc6 bxc6 11.Nb6 Rb8 12.g3 Nxe4 13.Nc4 Be5 14.Nxe5 Qxe5 15.Bf4 Qxb2
16.Bxb8 Qxb8 17.Bf3 Nf6 18.c4 Qe5 19.Qb3 Qc5 20.Rfc1 O-O 21.Rab1 e5 22.Bg2 e4
23.Qb6 Qa3 24.Qb4 Qxa2 25.Bf1 a5 26.Qc3 e3 27.Qxe3 Re8 28.Qc3 Ne4 29.Qe3 Nf6
30.Qd4 d5 31.Rb8 Qa3 32.Qf4 d4 33.c5 Nd5 34.Re1 Rf8 35.Qd6 d3 36.Qxf8+  1-0

[Event "Open"]
[Site "Sydney AUS"]
[Date "2007.04.14"]
[Round "8"]
[White "Steadman,M"]
[Black "Goldenberg,I"]
[Result "0-1"]
[WhiteElo "2273"]
[BlackElo "2388"]

1.e4 c5 2.Nf3 e6 3.d4 cxd4 4.Nxd4 Nc6 5.Nc3 d6 6.g3 Be7 7.Nde2 a6 8.Bg2 Nf6
9.O-O Qc7 10.h3 b5 11.a3 O-O 12.Be3 Rb8 13.g4 a5 14.g5 Nd7 15.b3 b4 16.Nb1 Rd8
17.f4 Bf8 18.Rf2 Bb7 19.h4 d5 20.exd5 Nb6 21.c4 exd5 22.cxd5 Ne7 23.f5 Nbxd5
24.Bd4 Ne3 25.Qd3 Nxg2 26.Rxg2 Bxg2 27.Kxg2 Nc6 28.Nd2 Nxd4 29.Nxd4 Bc5 30.N2f3 Bxd4
31.Nxd4 Qd7  0-1

[Event "8th ch-Euro T/B Qualification"]
[Site "Dresden GER"]
[Date "2007.04.15"]
[Round "1.1"]
[White "Meier,Geo"]
[Black "Vitiugov,N"]
[Result "0-1"]
[WhiteElo "2506"]
[BlackElo "2592"]

1.e4 c5 2.Nf3 e6 3.d4 cxd4 4.Nxd4 Nc6 5.Nc3 Qc7 6.g3 a6 7.Bg2 d6 8.O-O Bd7
9.Re1 Be7 10.Nxc6 Bxc6 11.Qg4 h5 12.Qe2 h4 13.a4 Nf6 14.Be3 Rc8 15.a5 Nd7
16.Red1 hxg3 17.hxg3 Ne5 18.Bb6 Qb8 19.Bd4 Kf8 20.b3 Qc7 21.Bb6 Qb8 22.Na4 Nd7
23.Bd4 Qc7 24.Nb6 Nxb6 25.Bxb6 Qd7 26.c4 e5 27.b4 Qe6 28.b5 Be8 29.Rd5 Qh6
30.f3 Bd7 31.Kf2 Qg6 32.bxa6 bxa6 33.Rdd1 f5 34.Rh1 Kf7 35.c5 f4 36.gxf4 exf4
37.Qxa6 Qg3+ 38.Kf1 Rxh1+ 39.Bxh1 Rh8 40.Bg2 Rh2 41.Ra2  0-1

[Event "Elitzur Winter"]
[Site "Givataim ISR"]
[Date "2007.04.15"]
[Round "9"]
[White "Baron,Ta"]
[Black "Lerner,K"]
[Result "0-1"]
[WhiteElo "2237"]
[BlackElo "2524"]

1.e4 c5 2.Nf3 e6 3.d4 cxd4 4.Nxd4 Nc6 5.Nc3 a6 6.Nxc6 bxc6 7.Bd3 d5 8.O-O Nf6
9.Qe2 Be7 10.b3 O-O 11.Bb2 Bb7 12.Rad1 Qc7 13.Na4 Rfd8 14.e5 Nd7 15.c4 dxc4
16.Bxc4 a5 17.Qe3 c5 18.Bc3 Nf8 19.Nb2 Ng6 20.Bd3 a4 21.bxa4 c4 22.Be4 Bd5
23.Bxd5 exd5 24.f4 Bc5 25.Bd4 Bxd4 26.Qxd4 Ne7 27.Qc3 Qc5+ 28.Kh1 Nf5 29.Rf3 Rac8
30.g4 Nh4 31.Rh3 Qf2 32.Qg3 Qxb2 33.Qxh4 h6 34.g5 c3 35.Qe1 c2 36.Rc1 Qd4
37.gxh6 Qe4+ 38.Qxe4 dxe4 39.Rg3 e3 40.Rxg7+ Kh8 41.Rgg1 e2 42.h4 Rd1 43.Kg2 Rg8+  0-1